Worst Football Quotes - Statistics

General Stats
  • This quiz has been taken 23 times
  • The average score is 3 of 10
Answer Stats
Hint Answer % Correct
"I definitely want Brooklyn to be christened, but I don't know into what ________ yet" religion (David Beckham)
86%
"I'd like to play for an Italian club, like _________" Barcelona (Mark Draper)
52%
"The first ______ minutes of a football match are the most important" ninety (Bobby Robson)
48%
"I couldn't settle in Italy. It was like living in a _______ _______" foreign country (Ian Rush)
43%
"I can see the carrot at the end of the ______" tunnel (Stuart Pearce)
24%
"We must have had 99 percent of the match. It was the other _____ percent that cost us" three (Ruud Gullit)
19%
"A game is not won until __ __ ____" it is lost (David Pleat)
14%
"I never make predictions, and I _____ ____" never will (Paul Gascoigne)
14%
"I've been consistent in _______ this season" patches (Theo Walcott)
5%
"I would not be bothered if we lost every game as long as we ___ ___ ______" won the league (Mark Viduka)
5%
No matching quizzes found
Score Distribution
Percent of People with Each Score
Percentile by Number Answered
Your Score History
You have not taken this quiz